Llwytho...
Statistical mechanics of Henon heiles oscillator/
| Prif Awdur: | |
|---|---|
| Fformat: | Dissertation |
| Iaith: | English |
| LEADER | 00479nam a22001337a 4500 | ||
|---|---|---|---|
| 003 | OSt | ||
| 005 | 20200624131757.0 | ||
| 008 | 120511t xxu||||| |||| 00| 0 eng d | ||
| 082 | |a 530.13 ANU/S | ||
| 100 | |a Anu Soumya Mathew | ||
| 245 | |a Statistical mechanics of Henon heiles oscillator/ |c by Anu Soumya Mathew | ||
| 942 | |c M PHIL | ||
| 999 | |c 169095 |d 169095 | ||
| 952 | |0 0 |1 0 |2 ddc |4 0 |6 530_130000000000000_ANU_S |7 0 |9 187305 |a PHY |b PHY |c ST1 |d 2012-05-11 |i D9 |l 0 |o 530.13 ANU/S |p PHYD9 |r 2012-05-11 |w 2012-05-11 |y MD | ||